Statistics for Kyrie quiz 1992-2018

Click here to take the quiz!

General Stats

  • This quiz has been taken 88 times
    (86 since last reset)
  • The average score is 8 of 15

Answer Stats

questionAnswer% Correct
what pick was he1
99%
how many shoes has kyrie released so far5
91%
when was kyrie drafted2011
86%
what was the nickname of kyrieuncle drew
84%
what is the name of kyrie new movieuncle drew
84%
has kyrie won a finals yae or naeyae
81%
what year did kyrie shoot the shot that won Cleveland there ever championship2016
72%
what is kyrie's carrer high57
66%
how many awards has kyrie won13
49%
which two numbers was he2, 11
44%
who did kyrie challenge in the nbakobe bryant
29%
what teams has kyrie been oncavaliers,celtics
20%
where was he bornMelbourne Australia
19%
what was kyrie rookie year2011-2012
13%
most of Kyrie of childhood was wherewest orange, new jersey
6%

Score Distribution

Percentile by Number Answered

Percent of People with Each Score

Your Score History

You have not taken this quiz since the last reset